000 01162nam a2200373 i 4500
999 _c51643
_d51643
001 51643
003 ES-MaCES
005 20201222103457.0
008 201222s2020 sp 000 ||spa d
017 _aB 9656-2020
_bDL
020 _a9788418218361
040 _aES-MaCES
_bspa
_cES-MaCES
100 1 _915194
_aInnerarity, Daniel
245 1 0 _aPandemocracia
_b: una filosofía de la crisis del coronavirus
_cDaniel Innerarity ; pr. de Meritxell Batet
250 _a2ª ed
260 _aBarcelona
_bGalaxia Gutenberg
_c2020
300 _a152 p.
_c21 cm
541 _cCompra
650 4 _aepidemia
_928691
650 4 _aCovid-19
_939751
650 4 _aestado de emergencia
_930188
650 4 _asalud
_928680
650 4 _aevaluación del impacto
_930732
650 4 _ademocracia
_927175
650 4 _aintegración política
_929381
650 4 _adesigualdad social
_930789
650 4 _acooperación internacional
_926635
650 4 _aaspecto filosófico
_930724
650 4 _ateoría política
_927233
653 1 0 _aCiencias Sociales-Políticas
700 1 _939811
_aBatet, Meritxell
_epr.
902 _aLIB Libro
942 _2CES
_cBK
_h7.0.